ბათუმის შოთა რუსთაველის სახელმწიფო უნივერსიტეტის ბიბლიოთეკა

Экономика для всех.Популярный словарь (ბიბ.ჩანაწერი № 37174)

000 -LEADER
fixed length control field 00797nam a2200229Ia 4500
001 - CONTROL NUMBER
control field 3130
003 - CONTROL NUMBER IDENTIFIER
control field GE_BSU
008 - FIXED-LENGTH DATA ELEMENTS--GENERAL INFORMATION
fixed length control field 181216s||||||||xx |||||||||||||| ||und||
020 ## - INTERNATIONAL STANDARD BOOK NUMBER
International Standard Book Number 5282018365
040 ## - CATALOGING SOURCE
Transcribing agency GE_BSU
080 ## - UNIVERSAL DECIMAL CLASSIFICATION NUMBER
Universal Decimal Classification number 33(035)
100 ## - MAIN ENTRY--PERSONAL NAME
Personal name Авторский колл: О.В. Амуржуев, Е.П. Голубков, Ю В Данилов и др.
245 ## - TITLE STATEMENT
Title Экономика для всех.Популярный словарь
245 ## - TITLE STATEMENT
Statement of responsibility, etc. Под. научной ред. О.В. Амуржуева.; сост. и ред. Е.М.Ершова;
260 ## - PUBLICATION, DISTRIBUTION, ETC.
Place of publication, distribution, etc. Москва
260 ## - PUBLICATION, DISTRIBUTION, ETC.
Name of publisher, distributor, etc. Экономика
260 ## - PUBLICATION, DISTRIBUTION, ETC.
Date of publication, distribution, etc. 1997
300 ## - PHYSICAL DESCRIPTION
Extent 390 ст. 21 смю
653 ## - INDEX TERM--UNCONTROLLED
Uncontrolled term Экономика для всех.Популярный словарь
942 ## - ADDED ENTRY ELEMENTS (KOHA)
Koha item type წიგნი
ეგზემპლარები
Withdrawn status Lost status Damaged status Not for loan Date acquired Barcode Date last seen Price effective from Koha item type Public note
        2018-12-17 7837 2018-12-17 2018-12-17 წიგნი დარბაზი
        2018-12-17 7838 2018-12-17 2018-12-17 წიგნი დარბაზი
        2018-12-17 8200 2018-12-17 2018-12-17 წიგნი დარბაზი
        2018-12-17 8201 2018-12-17 2018-12-17 წიგნი დარბაზი
        2018-12-17 8202 2018-12-17 2018-12-17 წიგნი დარბაზი